00471 2200169 4500001002100000005001500021008004100036020002200077035001900099041000700118082001000125090001600135100002100151245006300172260003500235300003100270INLIS00000000001967020241224115737241224||||||||| | ||| |||| || |  a978-979-002-625-4 0010-1224019670 aid0 a664.3 a664.3 PAR m0 aMARULI PARDAMEAN00aMENGELOLA KEBUN DAN PABRIK KELAPA SAWIT SECARA PROFESIONAL aJakartabPenebar Swadayac2014 aiv + 236 hlm,; ilus, 26 cm